000 00317nam a2200109Ia 4500
008 200302s9999 xx 000 0 und d
100 _aJoseph Choma
245 _aMorphing A Guide to mathematical transformations for architects and designers
260 _bLaurence King Publishing Ltd.,
260 _c2015
300 _a231
999 _c7401
_d7401